00674pam a2200217 a 4500001000800000005001700008008004100025010001700066020004200083040001800125041000800143080001500151082001900166100000700185101000800192245006800200906004500268942001200313999001700325952011400342254241520180215040139.0940627s1995 caua 001 0 eng  a 94028751  a0534168361 (acidfree, recycled paper) aDLCcDLCdDLC aeng a519.5 geo00a519.5 geo2201 a61 abus10aModern business statistics /cGeorge C. Canavos, Don M. Miller. a7bcbccorignewd1eocipf19gy-gencatlg 2ddccBK c42598d42598 00102udc40708PËKGa002b002cPËKGd2018-02-15l0o519.5 geop002-2998216r2018-02-15w2018-02-15yBK